Raavan: (Record no. 183589)

MARC details
000 -LEADER
fixed length control field 00554nam a22001817a 4500
005 - DATE AND TIME OF LATEST TRANSACTION
control field 20211229121239.0
010 ## - LCCN (DPL NO)
LC control number ENG-130741
020 ## - INTERNATIONAL STANDARD BOOK NUMBER
International Standard Book Number 978-93-887-540-88
Terms of availability 399.00
035 ## - SYSTEM CONTROL NUMBER
System control number EN-114273
037 ## - SOURCE OF ACQUISITION
Source of stock number/acquisition DBAD
082 ## - DEWEY DECIMAL CLASSIFICATION NUMBER
Classification number N
100 ## - MAIN ENTRY--PERSONAL NAME
Personal name Amish
245 ## - TITLE STATEMENT
Title Raavan:
Statement of responsibility, etc Enemy of Aryavarta/
Remainder of title Amish
260 ## - PUBLICATION, DISTRIBUTION, ETC. (IMPRINT)
Place of publication, distribution, etc Chennai
Name of publisher, distributor, etc Westland Publication Private Limited
Date of publication, distribution, etc 2019
270 ## - ADDRESS
Address 1st Floor, A Block, East Wingh, Plot No. SP Infocity, Dr MGR Salai, Pergundi, Kandanchavadi
City Chennai
Postal code 600096
300 ## - PHYSICAL DESCRIPTION
Extent 374p
Dimensions 19cm(pbk)
942 ## - ADDED ENTRY ELEMENTS (KOHA)
Source of classification or shelving scheme Dewey Decimal Classification
Item type English Books
Classification part N
Call number suffix AMI
Holdings
Withdrawn status Lost status Not for loan Collection code Home library Current library Date acquired Source of acquisition Cost, normal purchase price Full call number Barcode Copy number Cost, replacement price Koha item type
      Non-fiction Central Library Central Library 29/12/2021 DBAD/PUB 399.00 N AMI EN-114273 1 399.00 English Books

© Delhi Public Library
Hit Counter
free hit counter